000
00324nam a22001337a 4500
008
240921b |||||||| |||| 00| 0 eng d
020
_a
0-07-462186-6
100
_a
H S Kalri
245
_a
Electronic Instrumentation
260
_a
New Delhi
_b
Tata Mcgraw Hill
_c
1997
300
_a
635
650
_a
BB-ECE
942
_2
ddc
_c
BK
999
_c
20899
_d
20899